LEADER 01050nam a2200229 u 4500 001 000000049805 003 CaOOAMICUS 005 20070226115142.0 008 000712s1986 it u000 u ita u 035 $a10852100 040 $aPUL(R)$bita 100 1 $aMondino, Francesco.$0(OLS)http://pul/name/35957 245 10$aCenni storici sulla architettura sacra in Mazzè :$b(contributo alla conoscenza dell'aspetto religioso) /$cFrancesco Mondino. 260 $aIvrea :$bLitografia Bolognino,$c1986. 300 $a178 p. :$bill., tav. ;$c24 cm 650 4$aArchitettura sacra.$0(OLS)http://pul/subject/5623 850 $aPUL 852 $aPUL$W1$xDP1 Fondo Maccarrone$y58$m1515 E 29$j66110$nBK-PRI$b $qFondi$B66110$CPULBib$Z2$F66110 $H $81 941 1 $a1 961 $aINV: 3728.F.Maccarrone 996 $6245$aCenni storici sulla architettura sacra in Mazzè :$b(contributo alla conoscenza dell'aspetto religioso)$9(OLS)http://pul/title/67105 996 $6260$aIvrea :$bLitografia Bolognino$9(OLS)http://pul/publisher/67461 LEADER 01341nam a2200301 u 4500 001 000000081819 003 CaOOAMICUS 005 20070226123809.0 008 050331s2002 dcu u000 u eng u 020 $a0-9669226-5-4 035 $a11036878 040 $aPUL$bita 245 00$aFaith, scholarship, and culture in the 21st century /$cAlice Ramos and Marie I. George editors. 260 $aWashington D.C. :$bCatholic University of America Press,$c2002. 300 $ax, 331 p. ;$c23 cm 490 1 $aAmerican Maritain Association publications 504 $aComprende bibliografia. 650 4$aSociologia cristiana$ySec. XXI.$0(OLS)http://pul/subject/28178 700 1 $aGeorge, Marie I.$0(OLS)http://pul/name/54481 700 1 $aRamos, Alice.$0(OLS)http://pul/name/54480 830 0$aAmerican Maritain Association publications.$0(OLS)http://pul/title/104236 850 $aPUL 852 $aPUL$W1$xSL Religione 3$y85$m261. 5 RAMAL 1$j104312$nBK-PRI$qDDC 21$q $B104312$CPULBib$Z2$F104312 $HPUL97584 $81 941 1 $a9 941 1 $a8 996 $6020$a0-9669226-5-4$9(OLS)http://pul/number/108393 996 $6245$aFaith, scholarship, and culture in the 21st century$9(OLS)http://pul/title/106962 996 $6260$aWashington D.C. :$bCatholic University of America Press$9(OLS)http://pul/publisher/76112